| 000 | 00862nas a2200289 4500 | ||
|---|---|---|---|
| 001 | BR2013002233 | ||
| 003 | BR-BrBNA | ||
| 005 | 20231205122054.0 | ||
| 007 | ta | ||
| 008 | 230509b bl.|||p| |||| 00| 00por d | ||
| 040 |
_aBR-BrBNA _bpor _cBiblioteca Nacional de Agricultura |
||
| 041 | _a(Pt) | ||
| 072 | _aL73 | ||
| 100 | 1 | _aFighera, R.A. | |
| 100 | 1 | _aSouza, T.M. | |
| 100 | 1 | _aBarros, C.S.L. de | |
| 245 | 1 | _aLesões de pele em bovinos com doença granulomatosa sistêmica associada ao pastoreio de ervilhaca (Vici spp.) | |
| 650 | _aBOVINO | ||
| 650 | _aDOENÇA ANIMAL | ||
| 650 | _aERVILHACA | ||
| 650 | _aINTOXICAÇÃO | ||
| 650 | _aPELE | ||
| 650 | _aLESÃO | ||
| 773 | 0 |
_tCiência Rural (Brazil) _xISSN 0103-8478 _g(Mar-Apr 2005), v. 35(2) p. 406-411 _wBR2013002233 |
|
| 909 |
_a202311 _bLúcia _c55 _dLúcia Elande |
||
| 942 |
_2AGRIS _n0 _cANA |
||
| 999 |
_c226775 _d226775 |
||